000 01677cam a2200349 i 4500
001 17750355
005 20230124093546.0
008 130523s2013 dcu b 001 0 eng
010 _a 2013019577
020 _a9781421411682
040 _aDLC
_beng
_cDLC
_erda
_dDLC
042 _apcc
043 _an-us---
050 0 0 _aHF1756
_b.K84 2013
082 0 0 _a382.973,KRI
_223
100 1 _aKrist, William.
_9107489
245 1 0 _aGlobalization and America's trade agreements /
_cWilliam Krist.
264 1 _aWashington, D.C. :
_bWoodrow Wilson Center Press ;
_aBaltimore :
_bJohns Hopkins University Press,
_c[2013]
300 _axvi, 283 pages ;
_c24 cm
336 _atext
_2rdacontent
337 _aunmediated
_2rdamedia
338 _avolume
_2rdacarrier
505 _a U.S. Trade Policy in Crisis (Page-1), America’s Trade Agreements (Page-23), Trade Agreements and Economic Theory (Page-67), Trade Agreements and U.S. Commercial Interests (Page-95), Foreign Policy: The Other Driver (Page-132), Economic Development: A Missed Opportunity (Page-156), Uneasy Neighbors: Trade and the Environment (Page-183), The Labor Dilemma (Page-211), The Way Forward (Page-231).
650 0 _aFree trade
_zUnited States.
_9107490
651 0 _aUnited States
_xCommerce.
_9107491
651 0 _aUnited States
_vCommercial treaties.
_9107492
651 0 _aUnited States
_xCommercial policy.
_9107493
651 0 _aUnited States
_xForeign economic relations.
_997719
906 _a7
_bcbc
_corignew
_d1
_eecip
_f20
_gy-gencatlg
942 _2ddc
_cBK
_k382.973,KRI
999 _c592977
_d592977